000 00798nam a2200205Ia 4500
008 0000001991 pr a 0000000000spa00
090 _aPPR00 P27a
100 1 _aPérez Ruíz, José A.
245 1 0 _aAda Bobonis
_b: obra reciente
_c/ ensayo José A. Pérez Ruiz ; fotografías Edwin Medina
300 _a[8] p.
_c/ 18 cm.
500 _aExposición realizada en Luigi Marrozzini Gallery, San Juan (Puerto Rico), Enero 22 Febrero 20, 1991
600 0 0 _aBOBONIS, ADA, 1963/
_xTRABAJOS PICTORICOS
650 1 4 _aARTE CONTEMPORANEO PUERTORRIQUEÑO
650 1 4 _xCATALOGOS
650 1 4 _xEXPOSICIONES
650 1 4 _aPINTORES PUERTORRIQUEÑOS
650 1 4 _aPINTURA PUERTORRIQUEÑA
700 1 _aMedina, Edwin
999 _c8398
_d8398
260 _aSan Juan (Puerto Rico) : Luigi Marrozzini Gallery
_c1991